000 00251nam a22001097a 4500
008 170125b xxu||||| |||| 00| 0 eng d
020 _a0135494699
041 _aeng
080 _a61
245 _aMANAGEMENT OF HEALTH SERVICES
_cKALUZNY
942 _2udc
_cBK
999 _c3680
_d3680